00488nam a2200193 a 4500001001300000003000900013005001700022008004100039020001000080082001300090100002300103245002200126260003700148300000900185500003500194505001000229650003200239700002300271nice12345678IN_TiNIC20260116015159.0070716s1977 lona grp 000 0 eng  ac25000a255bHUM aHume, George Basil aSearching for God aLondonbHodder & Stoughtonc1977 a239p aincludes index and biblioraphy2 aIndex aMonastic and Religious Life1 aHume, George Basil